Joueur(euse) de Football par photo - Statistiques

Statistiques générales
  • Ce quiz a été pris 191 fois
  • Le résultat moyen est 21 sur 28
Statistiques - réponses
Par images Réponse % Correct
Antoine Griezmann
97%
Lionel Messi
97%
Mike Maignan
96%
Vinicius Junior
96%
Sergio Ramos
95%
Olivier Giroud
94%
Cristiano Ronaldo
93%
Xavi Simons
88%
Dani Olmo
87%
Lautaro Martinez
86%
Trent Alexander-Arnold
86%
Wendie Renard
86%
Jamal Musiala
85%
Federico Chiesa
84%
Diogo Jota
81%
Alvaro Morata
80%
Christian Pulisic
80%
Sakina Karchaoui
79%
Joao Cancelo
74%
Nicolo Barella
74%
Wilfried Zaha
70%
Federico Dimarco
67%
Alexia Putellas
65%
Samantha Kerr
65%
Antonee Robinson
31%
Trinity Rodman
24%
Sophia Wilson
13%
Mark Flekken
9%
Aucun quiz correspondant
Distribution des résultats
% des personnes avec chaque résultat
Percentile par nombre de réponses
Votre historique - résultats
Vous n’avez pas pris ce quiz